|
|
|
|
| LEADER |
02516nam a2200637 i 4500 |
| 001 |
nkc20162775076 |
| 003 |
CZ PrNK |
| 005 |
20250519102814.0 |
| 007 |
ta |
| 008 |
160129s2014 xr a f f 000 0 cze |
| 015 |
|
|
|a cnb002775076
|
| 020 |
|
|
|a 978-80-7514-005-0
|q (brožováno)
|
| 035 |
|
|
|a (OCoLC)951552702
|
| 040 |
|
|
|a BOA001
|b cze
|e rda
|
| 072 |
|
7 |
|a 639.2/.6
|x Rybářství
|2 Konspekt
|9 24
|
| 080 |
|
|
|a 597.552.53
|2 MRF
|
| 080 |
|
|
|a 597.552.5
|2 MRF
|
| 080 |
|
|
|a 639.3.034
|2 MRF
|
| 080 |
|
|
|a 502.51(282)
|2 MRF
|
| 080 |
|
|
|a 639.21
|2 MRF
|
| 080 |
|
|
|a (083.744)
|2 MRF
|
| 100 |
1 |
|
|a Randák, Tomáš,
|d 1975-
|7 mzk2006363431
|4 aut
|
| 245 |
1 |
0 |
|a Produkce juvenilních kategorií pstruha obecného a lipana podhorního pro zarybňování volných vod /
|c T. Randák, J. Turek, D. Červený, J. Kolářová, P. Lepič, R. Grabic, V. Žlábek
|
| 250 |
|
|
|a 1. vydání
|
| 264 |
|
1 |
|a Vodňany :
|b Jihočeská univerzita v Českých Budějovicích, Fakulta rybářství a ochrany vod,
|c [2014]
|
| 300 |
|
|
|a 33 stran :
|b barevné ilustrace ;
|c 21 cm
|
| 336 |
|
|
|a text
|b txt
|2 rdacontent
|
| 337 |
|
|
|a bez média
|b n
|2 rdamedia
|
| 338 |
|
|
|a svazek
|b nc
|2 rdacarrier
|
| 490 |
1 |
|
|a Edice metodik ;
|v 155.
|a Technologická řada
|
| 500 |
|
|
|a 200 výtisků
|
| 504 |
|
|
|a Obsahuje bibliografie
|
| 650 |
0 |
7 |
|a pstruh obecný
|7 ph583560
|2 czenas
|
| 650 |
0 |
7 |
|a lipan podhorní
|7 ph600503
|2 czenas
|
| 650 |
0 |
7 |
|a rybí násada
|7 ph159667
|2 czenas
|
| 650 |
0 |
7 |
|a vodní toky
|7 ph116612
|2 czenas
|
| 650 |
0 |
7 |
|a sladkovodní rybářství
|7 ph135032
|2 czenas
|
| 650 |
0 |
9 |
|a Salmo trutta
|2 eczenas
|
| 650 |
0 |
9 |
|a Thymallus thymallus
|2 eczenas
|
| 650 |
0 |
9 |
|a fish fry
|2 eczenas
|
| 650 |
0 |
9 |
|a water streams
|2 eczenas
|
| 650 |
0 |
9 |
|a freshwater fishery
|2 eczenas
|
| 655 |
|
7 |
|a certifikované metodiky
|7 fd806827
|2 czenas
|
| 655 |
|
9 |
|a certified methodology
|2 eczenas
|
| 700 |
1 |
|
|a Turek, Jan,
|d 1979-
|7 mzk2010596011
|4 aut
|
| 700 |
1 |
|
|a Červený, Daniel,
|d 1982-
|7 jo2016913047
|4 aut
|
| 700 |
1 |
|
|a Kolářová, Jitka,
|d 1962-
|7 mzk2007424035
|4 aut
|
| 700 |
1 |
|
|a Lepič, Pavel,
|d 1972-
|7 uzp2008428106
|4 aut
|
| 700 |
1 |
|
|a Grabic, Roman,
|d 1970-
|7 mzk2016903652
|4 aut
|
| 700 |
1 |
|
|a Žlábek, Vladimír,
|d 1977-
|7 xx0097941
|4 aut
|
| 810 |
2 |
|
|a Jihočeská univerzita.
|b Fakulta rybářství a ochrany vod.
|t Metodiky.
|p Technologická řada
|0 s
|
| 910 |
2 |
|
|a BOA001
|b 2-1363.174
|
| 990 |
|
|
|a BK
|
| 995 |
|
|
|a 01
|
| 991 |
|
|
|b 201603
|c NOV
|
| 996 |
6 |
|
|b 2610660862
|c 2-1363.174
|l MZK
|r Sklad / do 1 hodiny
|n 0
|p p.v.
|w 001547137
|u 000010
|a 1
|e BOA001
|j MZK50
|s P
|